Financial models using simulation and optimization: a step-by-step guide with Excel and palisade's DecisionTools software
Guardat en:
| Autor principal: | |
|---|---|
| Format: | Llibre |
| Idioma: | anglès |
| Publicat: |
Nueva York
Palisade Corporation
2000
|
| Edició: | 2a. ed |
| Matèries: | |
| Etiquetes: |
Afegir etiqueta
Sense etiquetes, Sigues el primer a etiquetar aquest registre!
|
MARC
| LEADER | 00000nam a2200000 a 4500 | ||
|---|---|---|---|
| 001 | UCL6410 | ||
| 003 | CL-VaPUC | ||
| 008 | 040402e20000000us |||||||||||||||||eng|d | ||
| 020 | |a 1893281035 | ||
| 082 | 0 | 4 | |a 658.15 |b WIN |2 21 |
| 100 | 0 | |a Winston, Wayne L |e author |9 484104 | |
| 245 | 1 | 0 | |a Financial models using simulation and optimization: a step-by-step guide with Excel and palisade's DecisionTools software |
| 250 | |a 2a. ed | ||
| 300 | |a 505 p | ||
| 942 | |c BK | ||
| 945 | |d 20040402 00:00:00 |a cmena | ||
| 260 | |a Nueva York |b Palisade Corporation |c 2000 | ||
| 500 | |a Incluye Cd-Rom | ||
| 650 | 0 | |a Administración financiera |9 261146 | |
| 650 | 0 | |a Modelos matemáticos |9 259437 | |
| 650 | 0 | |a Optimización |9 339671 | |
| 650 | 0 | |a Aplicaciones de computadores |9 260401 | |
| 650 | 0 | |a Planificación estratégica |9 259735 | |
| 650 | 0 | |a Software |9 387312 | |
| 583 | |a last modification |c 20171204 11:02:45 |k Rodrigo Vera | ||
| 999 | |c 308520 |d 308518 | ||
| 952 | |0 0 |1 0 |4 0 |6 658_150000000000000_WIN_2000 |7 0 |8 A |9 375095 |a BIBGIM |b BIBGIM |d 2019-11-21 |i 4003381 |l 1 |m 1 |o 658.15 WIN 2000 |p 4003381 |q 2025-07-31 |r 2020-03-19 |s 2020-03-19 |w 2019-11-21 |y BK |k COM | ||